Score 0/18 Timer 05:00
0 Plays Today
% Correct
How I Met Your Mother
97.7%
The Office
95.6%
The Simpsons
94.9%
The Big Bang Theory
93.1%
The Fresh Prince of Bel-Air
91.6%
Modern Family
88.8%
Friends
87.9%
Parks and Recreation
82.5%
Grey's Anatomy
82.3%
% Correct
Gilmore Girls
80.1%
Scrubs
71.5%
It's Always Sunny in Philadelphia
59.3%
Glee
56.2%
Downton Abbey
46.6%
Frasier
44.2%
Cougar Town
34.4%
Sex and the City
34.2%
Friday Night Lights
11.8%
Remove Ads.
Support Sporcle.
Get the best of Sporcle when you Go Orange. This ad-free experience offers more features, more stats, and more fun while also helping to support Sporcle. Thank you for becoming a member.

You're not logged in!

Compare scores with friends on all Sporcle quizzes.
OR
Log In

Show Comments

Extras

Top Quizzes Today


Score Distribution

Your Account Isn't Verified!

In order to create a playlist on Sporcle, you need to verify the email address you used during registration. Go to your Sporcle Settings to finish the process.

Report this User

Report this user for behavior that violates our Community Guidelines.

Details: